000 00661nam a2200181 a 4500
008 120416s1968 ||||||||||||||||| || u
050 _aQD 31 Neb
100 _aHoltzclaw, H. F
245 1 0 _aCollege chemistry, with qualitative analysis
250 _a3rd ed.
260 _aLexington, Mass.
_bD. C. Heath
_c1968
300 _avi, 760p. : ill.
350 _a0.00
650 _aCHEMISTRY, ANALYTIC--QUANTITATIVE
650 0 _aCHEMISTRY--HANDBOOKS, MANUALS, ETC
700 _aNebergall, William Harrison, 1914-
995 _D0.00
_FCBU-MAIN LIBRARY (Kitwe)
_H1
_I31.60
_M1
_UDAMAGED
_ZMain Library Open Access Collection
999 _c37696
_d37696